Evaluación inicial de riesgos por puestos de trabajo en la Veterinaria Quezada, ubicada en Managua
El presente estudio es una evaluación inicial de riesgos por puestos de trabajo en la Veterinaria Quezada, ubicada en Managua. Dicho estudio consistió en la realización de una propuesta de plan de acción para los riesgos que no están controlados en la empresa.
| Main Authors: | , , |
|---|---|
| Other Authors: | |
| Format: | Tesis Section = Libro |
| Language: | Undetermined Spanish |
| Published: |
Managua
UNI
2022
|
| Subjects: |
| LEADER | 01176nam a2200277Ia 4500 | ||
|---|---|---|---|
| 008 | 240830s9999 xx 000 0 und d | ||
| 040 | |a BIBLIOTECA-RUPAP/ Mon 363.11 A472 | ||
| 041 | |a spa | ||
| 082 | |a Mon 363.11 A472 | ||
| 100 | 1 | |a Alvarado Téllez, Dayanara Laleska | |
| 100 | 1 | |b Blandón Méndez, Fátima Lisseth | |
| 100 | 1 | |c Ruiz Calero, Stiffany Alexandra | |
| 245 | 1 | 0 | |a Evaluación inicial de riesgos por puestos de trabajo en la Veterinaria Quezada, ubicada en Managua |
| 260 | |a Managua |b UNI |c 2022 | ||
| 300 | |a 157 p. :il. | ||
| 500 | |a Contiene: anexos y CD. | ||
| 502 | |a Tesis (Ingeniero Industrial) - UNI, 2022. | ||
| 520 | 3 | |a El presente estudio es una evaluación inicial de riesgos por puestos de trabajo en la Veterinaria Quezada, ubicada en Managua. Dicho estudio consistió en la realización de una propuesta de plan de acción para los riesgos que no están controlados en la empresa. | |
| 650 | 7 | |a EVALUACION DE RIESGOS | |
| 650 | 7 | |b SEGURIDAD INDUSTRIAL | |
| 650 | 7 | |c SEGURIDAD OCUPACIONAL | |
| 650 | 7 | |d ACCIDENTES LABORALES | |
| 700 | 1 | |a Tutor: |b Silvestri Jirón, Pietro Marcelo | |
| 942 | |c BK |2 ddc | ||
| 991 | |a Tesis | ||
| 999 | |c 27644 | ||